000 00657nam a2200229Ia 4500
003 OSt
005 20220614113643.0
008 210716s1998 xx 000 0 und d
020 _a817371102X
040 _cAIMIT LIBRARY
041 _aeng
082 _a658.3124
_21
_bHACP
100 _aHackett, Penny.
_942183
245 _aIntroduction to training /
_cBy Penny Hackett.
250 _a1st ed.
260 _aHyderabad :
_bUniversities Press ,
_c1998.
300 _avii,184p. ;
_c22.5 cm.
650 _aGetting a training plan
_942184
650 _aEvaluating training
_942185
650 _aThe way ahed
_942186
942 _2ddc
_cBK
_e1st
_k658.3124 HACP
999 _c198888
_d198888